Southville International School and Colleges
Your cart is empty.
  • Cart
  • Lists
    Public lists Eva Luna New books Lux_list list_1
    Your lists Log in to create your own lists
  • Log in to your account
  • Your cookies
  • Search history
Southville International School and Colleges
  • Advanced search
  • Recent comments
  • Most popular
  • Libraries

Log in to your account

Log in with GOOGLE


If you do not have an external account, but do have a local account, you can still log in:

  1. Home
  2. MARC view: Elvis Presley in loving you /
Normal view MARC view ISBD view

Elvis Presley in loving you / (Record no. 109373)

[ view plain ]
MARC details
000 -LEADER
fixed length control field 00683nam a2200193 a 4500
005 - DATE AND TIME OF LATEST TRANSACTION
control field 20140414093842.0
008 - FIXED-LENGTH DATA ELEMENTS--GENERAL INFORMATION
fixed length control field 090113s19uu xx uuu eng d
050 ## - LIBRARY OF CONGRESS CALL NUMBER
Classification number DVD 780
Item number ELV 2005
100 ## - MAIN ENTRY--PERSONAL NAME
Personal name Kanter, Hal
245 ## - TITLE STATEMENT
Title Elvis Presley in loving you /
Statement of responsibility, etc written by Hal Kanter and Herbert Baker; produced by Hal B. Walis, directed by Hal Kanter.
260 ## - PUBLICATION, DISTRIBUTION, ETC. (IMPRINT)
Place of publication, distribution, etc [S.l.] :
Name of publisher, distributor, etc [S.n.],
Date of publication, distribution, etc c2005.
300 ## - PHYSICAL DESCRIPTION
Extent 1 DVD,
520 ## - SUMMARY, ETC.
Summary, etc "Loving You" Elvis Presley Lizabeth Scott Wendell Corey Dolores Hart James Gleason Ralph Dumke Paul Smith Kenneth Becker Jana Lund
650 ## - SUBJECT ADDED ENTRY--TOPICAL TERM
Topical term or geographic name as entry element Rock music.
700 ## - ADDED ENTRY--PERSONAL NAME
Personal name Baker, Herbert
700 ## - ADDED ENTRY--PERSONAL NAME
Personal name Walis, Hal B.
942 ## - ADDED ENTRY ELEMENTS (KOHA)
Koha item type Audio Visual Materials
Holdings
Withdrawn status Lost status Damaged status Use restrictions Home library Current library Shelving location Date acquired Source of acquisition Total Checkouts Full call number Barcode Date last seen Price effective from Koha item type
        Luxembourg Library Luxembourg Library Audio Visual Material Section 01/13/2009     DVD 780 ELV 2005 AV1013 04/14/2014 04/14/2014 Audio Visual Materials

Elvis Presley in loving you /

APA

Kanter H., Baker H. & Walis H. B. (2005). Elvis Presley in loving you. [S.l.]: [S.n.].

Chicago

Kanter Hal, Baker Herbert and Walis Hal B. 2005. Elvis Presley in loving you. [S.l.]: [S.n.].

Harvard

Kanter H., Baker H. and Walis H. B. (2005). Elvis Presley in loving you. [S.l.]: [S.n.].

MLA

Kanter Hal, Baker Herbert and Walis Hal B. Elvis Presley in loving you. [S.l.]: [S.n.]. 2005.

  • Place hold
  • Print
  • Cite
  • Add to your cart (remove)
  • Save record
    BIBTEX Dublin Core MARCXML MARC (non-Unicode/MARC-8) MARC (Unicode/UTF-8) MARC (Unicode/UTF-8, Standard) MODS (XML) RIS
  • More searches
    Search for this title in:
    Other Libraries (WorldCat) Other Databases (Google Scholar) Online Stores (Bookfinder.com) Open Library (openlibrary.org)

Exporting to Dublin Core...

SOUTHVILLE LIBRARY

Southville International School and Colleges Library

1281 Tropical Ave. Cor. Luxembourg St., BF Homes International, Las Pinas City

Tel. No. 8256374 / 252358 Loc. 117/146

Powered by Koha